000 00292nam a22001337a 4500
008 170830b xxu||||| |||| 00| 0 eng d
020 _a0697004619
041 _aeng
080 _25TH
_a070
100 _a40
101 _aMED
245 _aSPEECH COMMUNICATION
_cBROOKS,W.D
942 _2udc
_cBK
999 _c25652
_d25652